000 00508 a2200205 4500
001 63274
005 20260407155929.0
008 260407a1956 arg spa d
003 AR-UNSa-BCEJYS
040 _aAR-UNSa-BCEJYS
_bspa
_cAR-UNSa-BCEJYS
080 _a512
_xAlgebra
245 1 0 _aÁlgebra
264 1 _aMéxico :
_bReverté
_c1956
300 _a481 p.
_c22 cm.
041 _aspa
942 _cBK
590 _aniveau_biblio:m niveau_hierar:0
100 1 _aRees, Paul K.
700 1 _aSparks, Fred W.
999 _c8085
_d8085